Zdanenie vybraných nepeňažných plnení u zamestnancov

Zdanenie vybraných nepeňažných plnení u zamestnancov. Poskytovanie osobných ochranných pracovných prostriedkov. Lekárske preventívne prehliadky. Rekreačné a iné zariadenia, doprava a ubytovanie. Oslobodenie plnení v úhrnnej výške 500 €.

Uložené v:
Podrobná bibliografia
Hlavný autor: Brnová, Miroslava
Médium: Kapitola
Jazyk:Slovak
Predmet:
Tagy: Pridať tag
Žiadne tagy, Buďte prvý, kto otaguje tento záznam!

MARC

LEADER 00000naa a2200000 4500
001 0279727
005 20240417075147.9
041 0 |a slo 
044 |a SK 
245 1 0 |a Zdanenie vybraných nepeňažných plnení u zamestnancov  |c Miroslava Brnová 
520 |a Zdanenie vybraných nepeňažných plnení u zamestnancov. Poskytovanie osobných ochranných pracovných prostriedkov. Lekárske preventívne prehliadky. Rekreačné a iné zariadenia, doprava a ubytovanie. Oslobodenie plnení v úhrnnej výške 500 €. 
610 2 0 |a dane z príjmov 
610 2 0 |a zamestnanci 
610 2 0 |a legislatíva 
610 2 0 |a zamestnávatelia 
100 1 |a Brnová, Miroslava